Logic and computer design fundamentals/ (Record no. 9946)

MARC details
000 -LEADER
fixed length control field 00585nam a22001937a 4500
003 - CONTROL NUMBER IDENTIFIER
control field OSt
005 - DATE AND TIME OF LATEST TRANSACTION
control field 20260427071017.0
008 - FIXED-LENGTH DATA ELEMENTS--GENERAL INFORMATION
fixed length control field 260427b |||||||| |||| 00| 0 eng d
020 ## - INTERNATIONAL STANDARD BOOK NUMBER
International Standard Book Number 981-4053-17-1
040 ## - CATALOGING SOURCE
Original cataloging agency DWCL-Main lib.
Transcribing agency OC
082 ## - DEWEY DECIMAL CLASSIFICATION NUMBER
Classification number Circ. 621.395 M317e 2001
100 ## - MAIN ENTRY--PERSONAL NAME
Personal name Mano, M. Morris
245 ## - TITLE STATEMENT
Title Logic and computer design fundamentals/
Statement of responsibility, etc. M. Morris Mano
260 ## - PUBLICATION, DISTRIBUTION, ETC.
Place of publication, distribution, etc. New Jersey :
Name of publisher, distributor, etc. Prentice-Hall International,
Date of publication, distribution, etc. c2001
300 ## - PHYSICAL DESCRIPTION
Extent iii, 650 pages ;
Dimensions 24 cm.
504 ## - BIBLIOGRAPHY, ETC. NOTE
Bibliography, etc. note Includes index
700 ## - ADDED ENTRY--PERSONAL NAME
Personal name Kime, Charles R.
942 ## - ADDED ENTRY ELEMENTS (KOHA)
Source of classification or shelving scheme Dewey Decimal Classification
Koha item type Book Circulation
Classification part Circ.
Suppress in OPAC No
952 ## - LOCATION AND ITEM INFORMATION (KOHA)
--
952 ## - LOCATION AND ITEM INFORMATION (KOHA)
--
Holdings
Withdrawn status Lost status Source of classification or shelving scheme Damaged status Not for loan Home library Current library Shelving location Date acquired Source of acquisition Cost, normal purchase price Total Checkouts Full call number Barcode Date last seen Copy number Price effective from Koha item type Uniform Resource Identifier
    Dewey Decimal Classification     College Library College Library Circulation 04/27/2026 School Fund 0.00   Circ. 621.395 M317e 2001 CL36041 04/27/2026 c2 04/27/2026 BK-CIRC
    Dewey Decimal Classification     College Library College Library Circulation 04/27/2026 School Fund 0.00   Circ. 621.395 M317e 2001 CL36032 04/27/2026 c1 04/27/2026 BK-CIRC